| 000 | 00465nam a22001577a 4500 | ||
|---|---|---|---|
| 005 | 20251108172645.0 | ||
| 008 | 250721s2002 xx 000 0 ara d | ||
| 082 | 1 | 4 | _a347/دنو |
| 100 | 1 | _aالدنون، حسن | |
| 245 | 1 | 0 | _aالوجيز في النظرية العامة للإلتزام / |
| 264 | 1 |
_aعمان : _bدار وائل، _c2002. |
|
| 650 | 1 | 7 | _aالقانون المدني |
| 650 | 1 | 7 | _aالإلتزامات |
| 942 |
_2ddc _cBK |
||
| 999 |
_c85140 _d85140 |
||